|
|
|
|
| LEADER |
00000nam2a2200000 4500 |
| 001 |
143088 |
| 005 |
20231031143019.0 |
| 020 |
|
|
|a RU
|b 87-14125
|
| 035 |
|
|
|a (RuTPU)RU\TPU\book\155055
|
| 090 |
|
|
|a 143088
|
| 100 |
|
|
|a 20080916g1987 de y0rusy5003 ca
|
| 101 |
0 |
|
|a rus
|
| 102 |
|
|
|a RU
|
| 105 |
|
|
|a a z 000ay
|
| 200 |
0 |
|
|a Т. 1
|a Вслух про себя. Кондуит и Швамбрания. Вратарь республики. Есть на Волге утес
|
| 210 |
|
|
|d 1987
|
| 215 |
|
|
|d 21 см
|e (ил.)
|a 670 с.
|
| 461 |
|
1 |
|0 (RuTPU)RU\TPU\book\154951
|t Собрание сочинений
|o в 5 т.
|o для среднего и старшего школьного возраста
|f Л. А. Кассиль
|v Т. 1: Вслух про себя. Кондуит и Швамбрания. Вратарь республики. Есть на Волге утес
|d 1987 -
|
| 610 |
1 |
|
|a советская литература
|
| 610 |
1 |
|
|a собрания сочинений
|
| 610 |
1 |
|
|a повести
|
| 610 |
1 |
|
|a романы
|
| 610 |
1 |
|
|a рассказы
|
| 801 |
|
0 |
|a RU
|b RuMRKP
|c 19950417
|g psbo
|
| 801 |
|
1 |
|a RU
|b 63413507
|c 20080916
|g PSBO
|
| 801 |
|
2 |
|a RU
|b 63413507
|c 20210928
|g PSBO
|
| 942 |
|
|
|c BK
|